000 00651nam a2200253Ia 4500
003 OSt
005 20221007111657.0
006 a|||||r|||| 00| 0
007 ta
008 221006b |||||||| |||| 00| 0 eng d
024 _a24,070
037 _cTextual
040 _aLCO
_cLCO
_beng
041 _2eng
_aeng
082 _aZ2,98:12, L3
100 _aSen B
_9212875
245 0 _aForms and Precedents
260 _aCalcutta
_bEastern Book Company India
_c1973
300 _a721
650 _aPRECEDENT
_9708423
700 _a D'Souza
_9708424
942 _hZ2,98:12, L3
_cTEXL
999 _c1193633
_d1193633